000 00392nam a22001697a 4500
003 OSt
005 20220210101632.0
008 220210b |||||||| |||| 00| 0 eng d
020 _a0805822712
040 _cHU
082 _a373.19/GRO
100 _aPATRICIA AGROSS
_930115
245 _aJOINT CURRICULUM DESIGN
260 _aLONDON
_bLEA
_c1997
300 _a169P
942 _2ddc
_cBOOKS
_n0
999 _c29784
_d29784